Classement UFC Flyweight Homme - Statistiques

Statistiques générales
  • Ce quiz a été pris 161 fois
    8 depuis la dernière actualisation
  • Le résultat moyen est 7 sur 16
Statistiques - réponses
Classement Nationalité Combattants % Correct
# 1 🇧🇷 Alexandre Pantoja
100%
CHAMPION 🇲🇲 Joshua Van
100%
# 6 🇦🇴/🇵🇹 Manuel Kape
100%
# 5 🇯🇵 Tatsuro Taira
83%
# 2 🇲🇽 Brandon Moreno
67%
# 3 🇺🇲 Brandon Royval
67%
# 7 🇰🇿 Asu Almabayev
33%
# 4 🇸🇪/🇮🇶 Amir Albazi
17%
# 14 🇧🇷 Bruno Silva
17%
# 13 🇺🇲 Charles Johnson
17%
# 8 🇯🇵 Kyoji Horiguchi
17%
# 15 🏴󠁧󠁢󠁥󠁮󠁧󠁿 Lone'er Kavanagh
17%
# 10 🇦🇺 Steve Erceg
17%
# 12 🇷🇺 Tagir Ulanbekov
17%
# 9 🇺🇲 Tim Elliott
17%
# 11 🇺🇲 Alex Perez
0%
Aucun quiz correspondant
Distribution des résultats
% des personnes avec chaque résultat
Percentile par nombre de réponses
Votre historique - résultats
Vous n’avez pas pris ce quiz depuis la dernière actualisation